China on a plate (Record no. 71230)
[ view plain ]
| 000 -LEADER | |
|---|---|
| fixed length control field | 01095cam a2200217 4500 |
| 001 - CONTROL NUMBER | |
| control field | ABS65956 |
| 008 - FIXED-LENGTH DATA ELEMENTS--GENERAL INFORMATION | |
| fixed length control field | 020925n2002 000 0 eng u |
| 035 ## - SYSTEM CONTROL NUMBER | |
| System control number | (Sirsi) u119851 |
| 100 ## - MAIN ENTRY--PERSONAL NAME | |
| Personal name | Cockram, A |
| 245 ## - TITLE STATEMENT | |
| Title | China on a plate |
| 260 ## - PUBLICATION, DISTRIBUTION, ETC. | |
| Date of publication, distribution, etc. | 2002 |
| 490 ## - SERIES STATEMENT | |
| Series statement | Estates Gazette |
| Volume/sequential designation | (0232) 10 August 2002, 35-37(3) |
| 520 ## - SUMMARY, ETC. | |
| Summary, etc. | Examines how China aims to cultivate Western business with fiscal incentives for investment after its' admission to the World Trade Organisation. Interviews with DTZ experts Edward Cheung and Jeffrey Shen. Highlights the improvements following WTO membership including tariffs to fall, VAT to become deductable, import quotas to be abolished, increased transparency and foreign companies allowed to operate in the service sector. Copies of DTZ's research "China's accession to the WTO: impacts on multinationals" are available from its London head office t +44 (0)20 7408 1161 or www.dtz.com/ |
| 590 ## - LOCAL NOTE (RLIN) | |
| Local note | ABS |
| 650 ## - SUBJECT ADDED ENTRY--TOPICAL TERM | |
| Topical term or geographic name entry element | CHINA |
| 650 ## - SUBJECT ADDED ENTRY--TOPICAL TERM | |
| Topical term or geographic name entry element | WTO |
| 650 ## - SUBJECT ADDED ENTRY--TOPICAL TERM | |
| Topical term or geographic name entry element | WORLD TRADE ORGANISATION |
| 650 ## - SUBJECT ADDED ENTRY--TOPICAL TERM | |
| Topical term or geographic name entry element | MULTINATIONALS |
| 690 ## - LOCAL SUBJECT ADDED ENTRY--TOPICAL TERM (OCLC, RLIN) | |
| Topical term or geographic name as entry element | INVESTMENT |
| 942 ## - ADDED ENTRY ELEMENTS (KOHA) | |
| Suppress in OPAC | 0 |
| Withdrawn status | Lost status | Source of classification or shelving scheme | Damaged status | Not for loan | Home library | Current library | Shelving location | Date acquired | Total Checkouts | Full call number | Barcode | Date last seen | Copy number | Price effective from | Koha item type |
|---|---|---|---|---|---|---|---|---|---|---|---|---|---|---|---|
| Dewey Decimal Classification | London | London | Journal article | 25/09/2002 | ABS65956 | 119851-1001 | 06/08/2019 | 1 | 06/08/2019 | Journal article |